01019nam a22001695i 4500001000700000003000900007005001700016008004100033100002100074245011700095260008100212300002500293500010500318500009900423700008500522852024200607171289ES-MaACL20250818174140.0090508s1866 sp |||| | spa d1 aCrooke, Ramón.13aLa muerte de don César b: parodia en un acto / coriginal de... Ramón Crooke y Saturnino Esteban Collantes. aMadrid : b[s.n.], c1866 (fImp. del Centro General de la Administración) a31, 16 p. ; c18 cm. aEn port.: Representada por primera vez en el teatro de la Zarzuela la noche del 14 de abril de 1866. aLas útlimas 16 p. es un catálogo editorial de los "Señores Salas, Helguero y Gaztambide"1 aEsteban Collantes, Saturnino Esteban Miquel y Collantes, cConde de, d1847-1937 aES-MaACLjF-8599(3) z.- Enc. pasta española q.- Falto de la cub. originalz.- Enc. en un vol. facticio formando parte de la col. facticia "Teatro español moderno", vol. 52 z.- Dedicatoria autógrafa de Ramón Crooke en anteport.